[Event "2015 British Chess Championships: Championship"]
[Site "University of Warwick, Coventry, Warwickshire"]
[Date "2015.07.28"]
[Round "2"]
[Board "11"]
[White "Paterson, Andrew I"]
[Black "Batchelor, Peter J"]
[Result "1-0"]
[WhiteElo "2039"]
[BlackElo "2304"]
[PlyCount "128"]
[EventDate "2015.07.27"]
[EventRounds "11"]
[EventCountry "ENG"]

1. e4 c6 2. d4 d5 3. Nc3 dxe4 4. Nxe4 Nf6 5. Nxf6+ gxf6 6. Nf3 Bg4 7. Be2 e6 8.
h3 Bh5 9. Bf4 Bd6 10. Qd2 Qc7 11. Bxd6 Qxd6 12. O-O-O Nd7 13. Kb1 Bg6 14. h4 h5
15. Bd3 Bxd3 16. Qxd3 O-O-O 17. g3 Kb8 18. Rhe1 Nf8 19. Nd2 Qxd4 20. Qf3 Nd7
21. Ne4 Ne5 22. Qe2 Qb4 23. Nxf6 Nc4 24. c3 Qb5 25. Ka1 a5 26. b3 Nd6 27. Qe5
Qxe5 28. Rxe5 Nf5 29. Ree1 Kc7 30. Kb2 b6 31. Kc2 c5 32. Rxd8 Kxd8 33. Rd1+ Ke7
34. Nd7 Nd4+ 35. cxd4 Kxd7 36. dxc5+ Kc6 37. cxb6 Rb8 38. b7 Rxb7 39. a4 Rb4
40. Rd8 Re4 41. Kd3 Re1 42. Rc8+ Kd6 43. Ra8 Rb1 44. Ra6+ Ke7 45. Kc2 Rf1 46.
Rxa5 Rxf2+ 47. Kc3 Rf3+ 48. Kc4 Rxg3 49. Rxh5 f5 50. a5 f4 51. a6 f3 52. Kd3
f2+ 53. Ke2 Rf3 54. Kf1 Rxb3 55. Ra5 Rb8 56. a7 Ra8 57. Kxf2 Kd7 58. Ke3 e5 59.
Ke4 Kd6 60. Ra6+ Kc7 61. h5 Kb7 62. Ra1 Kb6 63. h6 Kb7 64. h7 Kb6 1-0

[Event "2015 British Chess Championships: Championship"]
[Site "University of Warwick, Coventry, Warwickshire"]
[Date "2015.07.28"]
[Round "2"]
[Board "12"]
[White "Eagleton, Greg T"]
[Black "Weaving, Richard"]
[Result "1/2-1/2"]
[WhiteElo "1994"]
[BlackElo "2257"]
[PlyCount "131"]
[EventDate "2015.07.27"]
[EventRounds "11"]
[EventCountry "ENG"]

1. d4 Nf6 2. Nf3 e6 3. c4 d5 4. Nc3 dxc4 5. e4 Bb4 6. Bxc4 Nxe4 7. O-O Nxc3 8.
bxc3 Be7 9. Ne5 Nc6 10. Qg4 O-O 11. Bh6 Bf6 12. Rad1 Ne7 13. Bc1 a6 14. Ba3 Re8
15. Qe4 Nd5 16. Rd3 Be7 17. Bc1 Nf6 18. Qe2 Bd7 19. Rh3 Bb5 20. Bxb5 axb5 21.
Qxb5 Qd5 22. Qd3 Rxa2 23. Bg5 Qe4 24. Qc4 Rea8 25. Re3 Qf5 26. Bxf6 Bxf6 27. g4
Qg5 28. Qxc7 Bxe5 29. Qxe5 Qd8 30. Qe4 Qd7 31. Rb1 b5 32. Rh3 g6 33. Rd3 Rb8
34. Qe5 Raa8 35. Rd2 Rb7 36. Rdb2 Rab8 37. Qe4 Rc8 38. Rb3 Rc4 39. Qe5 Qc7 40.
Qxc7 Rbxc7 41. Rxb5 Rxc3 42. Rd1 Rd7 43. Rb4 Kg7 44. Kg2 Kf6 45. h4 h6 46. f3
Rc2+ 47. Kg3 Rd5 48. Ra4 Rb5 49. Ra3 Rbb2 50. Kf4 Rb5 51. Rad3 Rd5 52. R1d2 Rc4
53. Ke3 h5 54. Ke4 Ke7 55. Ke3 Kf6 56. Ke4 Kg7 57. Ke3 g5 58. hxg5 Rxg5 59.
gxh5 Rxh5 60. d5 Re5+ 61. Kf2 exd5 62. Rxd5 Rxd5 63. Rxd5 Kf6 64. Ra5 Kg6 65.
Kg3 f6 66. Rb5 1/2-1/2

[Event "2015 British Chess Championships: Championship"]
[Site "University of Warwick, Coventry, Warwickshire"]
[Date "2015.07.28"]
[Round "2"]
[Board "13"]
[White "Rudd, Jack"]
[Black "Golding, Alex"]
[Result "0-1"]
[WhiteElo "2247"]
[BlackElo "1963"]
[PlyCount "104"]
[EventDate "2015.07.27"]
[EventRounds "11"]
[EventCountry "ENG"]

1. d4 Nf6 2. c4 g6 3. Nc3 Bg7 4. e4 d6 5. Nf3 O-O 6. Be2 e5 7. O-O Nbd7 8. Be3
Ng4 9. Bg5 f6 10. Bc1 Nh6 11. Rb1 f5 12. Bg5 Qe8 13. Nd5 fxe4 14. Nxc7 Qf7 15.
Nd2 Rb8 16. Nxe4 Nf5 17. Nb5 exd4 18. Nbxd6 Nxd6 19. Nxd6 Qe6 20. Nb5 Qe5 21.
Bh4 Qe4 22. Bg3 Ne5 23. f3 Qc6 24. Qxd4 Nxf3+ 25. Bxf3 Bxd4+ 26. Nxd4 Qxc4 27.
Rbd1 Ra8 28. Nb3 Be6 29. Rd4 Qc2 30. Rd2 Qf5 31. Nd4 Qc5 32. Bf2 Bc4 33. Rc2
Qb4 34. a3 Qa4 35. Rfc1 Bf7 36. Bxb7 Rad8 37. Bc6 Qa5 38. Bf3 Qg5 39. Nc6 Rd3
40. Rc5 Qf6 41. Ne5 Rdd8 42. b4 Rfe8 43. Ng4 Qf4 44. R1c3 Rd2 45. g3 Qd4 46.
Kf1 Qg7 47. Rc8 h5 48. Ne3 Qe5 49. R8c5 Qd4 50. g4 h4 51. h3 Qf4 52. Nd5 Rxf2+
 0-1

[Event "2015 British Chess Championships: Championship"]
[Site "University of Warwick, Coventry, Warwickshire"]
[Date "2015.07.28"]
[Round "2"]
[Board "14"]
[White "Williams, Simon K"]
[Black "Myall, Ivan J"]
[Result "1-0"]
[WhiteElo "2426"]
[BlackElo "2048"]
[PlyCount "113"]
[EventDate "2015.07.27"]
[EventRounds "11"]
[EventCountry "ENG"]

1. d4 Nf6 2. c4 e6 3. Nf3 d5 4. Nc3 Bb4 5. cxd5 exd5 6. Bg5 h6 7. Bh4 c5 8. e3
g5 9. Bg3 Ne4 10. Bb5+ Bd7 11. Bxd7+ Nxd7 12. O-O Nxg3 13. fxg3 Bxc3 14. bxc3
Qe7 15. dxc5 Qxc5 16. Nd4 O-O-O 17. Rb1 Ne5 18. Qa4 Kb8 19. Kh1 Qc4 20. Qxc4
dxc4 21. Rf5 f6 22. Rxf6 Rdf8 23. Re6 Nd7 24. h3 Rh7 25. g4 h5 26. gxh5 Rxh5
27. Re7 Kc8 28. Ne6 Rg8 29. Rb4 Rh4 30. Nd4 Nb6 31. Nf5 Rh5 32. Nd6+ Kb8 33.
Rb5 Rh6 34. Nf5 Rhh8 35. Rc5 Nc8 36. Rf7 g4 37. h4 Rf8 38. Rxf8 Rxf8 39. Kh2
Nb6 40. e4 Re8 41. Nd6 Rd8 42. Nxc4 Na4 43. Rd5 Rh8 44. Rd3 Rxh4+ 45. Kg3 Rh8
46. Nd6 Nc5 47. Rd5 Rd8 48. Rxc5 Rxd6 49. Rd5 Rc6 50. Rd3 Rc4 51. Kf4 Ra4 52.
Rd2 Ra3 53. Kxg4 Rxc3 54. Kf5 Kc7 55. e5 Re3 56. e6 Re1 57. g4 1-0

[Event "2015 British Chess Championships: Championship"]
[Site "University of Warwick, Coventry, Warwickshire"]
[Date "2015.07.28"]
[Round "2"]
[Board "15"]
[White "Taylor, Adam A"]
[Black "Ward, Chris G"]
[Result "0-1"]
[WhiteElo "2055"]
[BlackElo "2423"]
[PlyCount "80"]
[EventDate "2015.07.27"]
[EventRounds "11"]
[EventCountry "ENG"]

1. Nf3 Nf6 2. g3 d5 3. Bg2 c6 4. c4 dxc4 5. O-O Nbd7 6. Na3 Nb6 7. Qc2 Qd5 8.
b3 cxb3 9. axb3 g6 10. Bb2 Bg7 11. e4 Qd8 12. d4 O-O 13. Nc4 Ne8 14. Rfd1 Bg4
15. h3 Bxf3 16. Bxf3 Nd6 17. Bg2 Nb5 18. d5 cxd5 19. Bxg7 Kxg7 20. exd5 Kg8 21.
Qd3 Nd6 22. Ne5 Nd7 23. Ng4 f5 24. Ne3 Qb6 25. Nc4 Nxc4 26. bxc4 Nc5 27. Qe3
Qd6 28. Re1 Rf7 29. f4 a5 30. Reb1 Rff8 31. Rb5 b6 32. Kh1 a4 33. Ra3 Ra6 34.
Bf3 Rfa8 35. Bd1 Rc8 36. Ra2 Rca8 37. Bc2 e6 38. Qe5 Rd8 39. dxe6 Qc6+ 40. Kg1
Rd2 0-1

[Event "2015 British Chess Championships: Championship"]
[Site "University of Warwick, Coventry, Warwickshire"]
[Date "2015.07.28"]
[Round "2"]
[Board "16"]
[White "Edge, John"]
[Black "Jackson, James P"]
[Result "0-1"]
[WhiteElo "2080"]
[BlackElo "2343"]
[PlyCount "60"]
[EventDate "2015.07.27"]
[EventRounds "11"]
[EventCountry "ENG"]

1. d4 Nf6 2. c4 c5 3. d5 e6 4. Nc3 exd5 5. cxd5 d6 6. Nf3 g6 7. Qa4+ Nbd7 8.
Bf4 a6 9. e4 Rb8 10. Qc2 b5 11. Bd3 Qe7 12. O-O Nh5 13. Bg5 f6 14. Bd2 Ne5 15.
Be2 Bg7 16. Nh4 O-O 17. Rae1 f5 18. Nxf5 gxf5 19. Bxh5 f4 20. Ne2 Qh4 21. Nxf4
Rxf4 22. Bxf4 Qxf4 23. Re3 Bd7 24. b3 Rf8 25. Rg3 Kh8 26. Be2 Qh4 27. Bd1 Bh6
28. Rc3 b4 29. f4 bxc3 30. fxe5 Be3+ 0-1

[Event "2015 British Chess Championships: Championship"]
[Site "University of Warwick, Coventry, Warwickshire"]
[Date "2015.07.28"]
[Round "2"]
[Board "17"]
[White "Cooper, John G"]
[Black "Asenov, Pavel"]
[Result "1-0"]
[WhiteElo "2313"]
[BlackElo "2081"]
[PlyCount "57"]
[EventDate "2015.07.27"]
[EventRounds "11"]
[EventCountry "ENG"]

1. Nf3 Nf6 2. g3 g6 3. Bg2 Bg7 4. c4 O-O 5. d4 d6 6. O-O Nc6 7. Nc3 a6 8. d5
Na5 9. Nd2 c5 10. Qc2 Rb8 11. b3 b5 12. Bb2 Bh6 13. Nce4 Nxe4 14. Bxe4 e5 15.
dxe6 Bxe6 16. cxb5 d5 17. Bg2 Rxb5 18. Rad1 Nc6 19. a4 Nb4 20. Qb1 Ra5 21. Nc4
dxc4 22. Rxd8 Rxd8 23. Rd1 Re8 24. Qe4 Bg7 25. Bxg7 Kxg7 26. Qe5+ Kg8 27. Qc7
c3 28. Be4 Bxb3 29. Rd8 1-0

[Event "2015 British Chess Championships: Championship"]
[Site "University of Warwick, Coventry, Warwickshire"]
[Date "2015.07.28"]
[Round "2"]
[Board "18"]
[White "Coleman, David J"]
[Black "Ashworth, Michael"]
[Result "1-0"]
[WhiteElo "2231"]
[BlackElo "1912"]
[PlyCount "117"]
[EventDate "2015.07.27"]
[EventRounds "11"]
[EventCountry "ENG"]

1. e4 c5 2. Nf3 g6 3. d4 cxd4 4. Nxd4 Nc6 5. Nc3 Bg7 6. Be3 Nf6 7. Bc4 O-O 8.
Bb3 a5 9. f3 d5 10. exd5 Nb4 11. Nde2 a4 12. Nxa4 Nfxd5 13. Bd2 b5 14. Nac3 Be6
15. a3 Nxc3 16. Bxc3 Bxc3+ 17. bxc3 Qxd1+ 18. Rxd1 Nc6 19. Bxe6 fxe6 20. O-O
Rxa3 21. Rd7 Rf5 22. Rb1 Re5 23. Kf2 Ra2 24. Rc1 Kf7 25. Rc7 Na5 26. Nd4 Nc4
27. Nc6 Rd5 28. Nb4 Rd2+ 29. Ke1 Ra4 30. Rxc4 Rxg2 31. Rh4 h5 32. Rd1 Rg1+ 33.
Ke2 Rg2+ 34. Kd3 Ra8 35. Rd2 Rg5 36. Rf4+ Ke8 37. Ke3 Rc5 38. Rd3 Rac8 39. Kd2
Rg5 40. Re4 Kf7 41. Rde3 Rd8+ 42. Kc1 Rd6 43. Nd3 Rf5 44. Nf4 e5 45. Nd3 e6 46.
Nxe5+ Kf6 47. f4 g5 48. fxg5+ Rxg5 49. Nf3 Rc5 50. h4 Rcd5 51. Kb2 Rc5 52. Kb3
Rcd5 53. Re1 Ra6 54. Nd4 e5 55. Nf3 Re6 56. Kb4 Re8 57. Rxe5 Rdxe5 58. Rxe5 Rg8
59. Rxh5 1-0

[Event "2015 British Chess Championships: Championship"]
[Site "University of Warwick, Coventry, Warwickshire"]
[Date "2015.07.28"]
[Round "2"]
[Board "19"]
[White "Burke, Mitchell R"]
[Black "Kalavannan, Koby"]
[Result "1/2-1/2"]
[WhiteElo "1966"]
[BlackElo "2178"]
[PlyCount "48"]
[EventDate "2015.07.27"]
[EventRounds "11"]
[EventCountry "ENG"]

1. e4 c5 2. Nc3 e6 3. f4 a6 4. Nf3 d5 5. g3 Nc6 6. d3 Nge7 7. Bg2 g6 8. O-O Bg7
9. Qe2 O-O 10. e5 b6 11. Nd1 a5 12. Nf2 Ba6 13. c3 d4 14. c4 b5 15. b3 Qb6 16.
Ne4 Rad8 17. Bd2 b4 18. a4 bxa3 19. Rxa3 Nb4 20. Bxb4 axb4 21. Ra4 Bb7 22. Nfd2
Nf5 23. Rfa1 Ne3 24. Bf3 Nc2 1/2-1/2

[Event "2015 British Chess Championships: Championship"]
[Site "University of Warwick, Coventry, Warwickshire"]
[Date "2015.07.28"]
[Round "2"]
[Board "20"]
[White "Evans, Nicholas Thomas"]
[Black "Willmoth, Robert F"]
[Result "0-1"]
[WhiteElo "1923"]
[BlackElo "2173"]
[PlyCount "76"]
[EventDate "2015.07.27"]
[EventRounds "11"]
[EventCountry "ENG"]

1. d4 d6 2. e4 Nf6 3. Nc3 c6 4. f4 Qa5 5. Bd2 e5 6. Nd5 Qd8 7. Nxf6+ Qxf6 8.
Nf3 exf4 9. Bc4 Bg4 10. e5 dxe5 11. dxe5 Qe7 12. Qe2 h6 13. O-O-O Nd7 14. Rhe1
g5 15. Bc3 Be6 16. Bxe6 fxe6 17. Rd6 Qf7 18. Qc4 Bxd6 19. exd6 O-O-O 20. Bxh8
Rxh8 21. Qxe6 Qxe6 22. Rxe6 c5 23. Kd2 b6 24. Kd3 Kb7 25. Rg6 Kc6 26. h4 gxh4
27. Ke4 Re8+ 28. Kxf4 h3 29. gxh3 Rf8+ 30. Kg4 Rxf3 31. Rxh6 Rf2 32. c3 Rxb2
33. h4 Rxa2 34. h5 Rd2 35. Kf5 Rd5+ 36. Kg4 Rxd6 37. Rxd6+ Kxd6 38. Kf5 Ke7 0-1

[Event "2015 British Chess Championships: Championship"]
[Site "University of Warwick, Coventry, Warwickshire"]
[Date "2015.07.28"]
[Round "2"]
[Board "21"]
[White "Garnett, John S"]
[Black "Wadsworth, Matthew J"]
[Result "0-1"]
[WhiteElo "1984"]
[BlackElo "2160"]
[PlyCount "110"]
[EventDate "2015.07.27"]
[EventRounds "11"]
[EventCountry "ENG"]

1. d4 d5 2. Nf3 Nf6 3. e3 c5 4. b3 cxd4 5. exd4 Nc6 6. Bd3 Bg4 7. Bb2 e6 8. O-O
Be7 9. Nbd2 O-O 10. h3 Bh5 11. Be2 Bg6 12. Ne5 Nxe5 13. dxe5 Nd7 14. c4 Nc5 15.
Nf3 dxc4 16. Bxc4 Qb6 17. Qe2 Rfd8 18. Rfd1 Ne4 19. Bd4 Bc5 20. Qe3 Rxd4 21.
Rxd4 Bxd4 22. Qxd4 Qxd4 23. Nxd4 Rd8 24. Nf3 Nd2 25. Be2 Nb1 26. a4 a5 27. Kf1
h6 28. Ke1 Be4 29. Ng1 Nc3 30. Nf3 Rd5 31. Rc1 Nxe2 32. Kxe2 Bxf3+ 33. Kxf3
Rd3+ 34. Ke4 Rxb3 35. Rc4 Rb2 36. Ke3 b5 37. Rc8+ Kh7 38. Ra8 Rb3+ 39. Ke2 bxa4
40. Rxa5 a3 41. h4 h5 42. g3 Rb2+ 43. Ke3 a2 44. Ra7 Kg6 45. f3 f6 46. exf6
Kxf6 47. g4 g6 48. gxh5 gxh5 49. Kf4 Rh2 50. Kg3 Re2 51. Ra5 Ke7 52. Kf4 Kd6
53. Ra8 Kc5 54. Kg5 Kb4 55. Kxh5 Re5+ 0-1

[Event "2015 British Chess Championships: Championship"]
[Site "University of Warwick, Coventry, Warwickshire"]
[Date "2015.07.28"]
[Round "2"]
[Board "22"]
[White "Waters, Clive L"]
[Black "Kalaiyalahan, Akshaya"]
[Result "0-1"]
[WhiteElo "2147"]
[BlackElo "1999"]
[PlyCount "102"]
[EventDate "2015.07.27"]
[EventRounds "11"]
[EventCountry "ENG"]

1. d4 Nf6 2. Nf3 g6 3. c4 Bg7 4. Nc3 O-O 5. e4 d6 6. Be2 e5 7. O-O Nc6 8. Be3
Ng4 9. Bg5 f6 10. Bc1 Nh6 11. dxe5 fxe5 12. Rb1 Nf7 13. b4 Bg4 14. b5 Bxf3 15.
bxc6 Bxe2 16. Nxe2 bxc6 17. Qa4 Qd7 18. Rb7 a6 19. Be3 Nd8 20. Rb3 Qc8 21. Nc3
Qe6 22. Rd1 Qf7 23. f3 c5 24. Nd5 Ra7 25. Rdb1 c6 26. Nc3 Rc7 27. Rd1 Qe7 28.
Rb6 a5 29. Rd2 Ra7 30. Qd1 Qc7 31. Rb1 Ne6 32. Rdb2 Nd4 33. Ne2 Qf7 34. Bxd4
exd4 35. Rb8 Qxc4 36. Qd2 Raf7 37. Nc1 Qc3 38. Qd1 Qe3+ 39. Kh1 Be5 40. Rxf8+
Rxf8 41. Qb3+ Qxb3 42. axb3 Rb8 43. g3 a4 44. Kg2 axb3 45. Rxb3 Rxb3 46. Nxb3
c4 47. Na5 c3 48. Kf2 c2 49. Nb3 d3 50. Ke3 Bb2 51. Kd2 c5 0-1

[Event "2015 British Chess Championships: Championship"]
[Site "University of Warwick, Coventry, Warwickshire"]
[Date "2015.07.28"]
[Round "2"]
[Board "23"]
[White "Mason, Donald J"]
[Black "Zhu, Richard"]
[Result "1-0"]
[WhiteElo "2145"]
[BlackElo "1869"]
[PlyCount "43"]
[EventDate "2015.07.27"]
[EventRounds "11"]
[EventCountry "ENG"]

1. d4 Nf6 2. c4 e6 3. Nf3 d5 4. Nc3 c6 5. Bg5 Nbd7 6. e3 Qa5 7. cxd5 Nxd5 8.
Qd2 Bb4 9. Rc1 h6 10. Bh4 c5 11. Be2 cxd4 12. Nxd4 O-O 13. Nb3 Qb6 14. e4 N5f6
15. f3 Rd8 16. Bf2 Qc7 17. O-O b6 18. Rfd1 Bb7 19. Nb5 Bxd2 20. Rxc7 Ba6 21.
Rxd2 Ne5 22. Rxa7 1-0

[Event "2015 British Chess Championships: Championship"]
[Site "University of Warwick, Coventry, Warwickshire"]
[Date "2015.07.28"]
[Round "2"]
[Board "24"]
[White "Lam, Paul G M"]
[Black "Grieve, Harry"]
[Result "1-0"]
[WhiteElo "2136"]
[BlackElo "1899"]
[PlyCount "85"]
[EventDate "2015.07.27"]
[EventRounds "11"]
[EventCountry "ENG"]

1. g3 c5 2. Bg2 Nc6 3. e4 e6 4. Ne2 g6 5. d4 cxd4 6. Nxd4 Qb6 7. Nxc6 bxc6 8.
Be3 Bc5 9. Bxc5 Qxc5 10. O-O Ne7 11. Nc3 d5 12. Qd2 O-O 13. e5 Rb8 14. Qg5 Nf5
15. Rab1 h6 16. Qf4 Rb4 17. Qd2 Ba6 18. Rfe1 Rfb8 19. a3 Rd4 20. Qc1 Kg7 21.
Nd1 Rc4 22. b4 Qb6 23. Nb2 Rg4 24. Na4 Qd8 25. Nc5 Bc4 26. Bh3 Rg5 27. f4 Nxg3
28. fxg5 Ne2+ 29. Rxe2 Bxe2 30. gxh6+ Kh7 31. Qf4 Qe7 32. Bf1 Qxc5+ 33. bxc5
Rxb1 34. Qxf7+ Kxh6 35. Qxe6 Bxf1 36. Kf2 Bb5 37. Qd7 Rf1+ 38. Kg2 Rf5 39. e6
Rg5+ 40. Kf2 Rf5+ 41. Ke3 Re5+ 42. Kd2 Re2+ 43. Kd1 1-0

[Event "2015 British Chess Championships: Championship"]
[Site "University of Warwick, Coventry, Warwickshire"]
[Date "2015.07.28"]
[Round "2"]
[Board "25"]
[White "Lewis, Andrew P"]
[Black "Menadue, Jeremy F S"]
[Result "1-0"]
[WhiteElo "2295"]
[BlackElo "2042"]
[PlyCount "67"]
[EventDate "2015.07.27"]
[EventRounds "11"]
[EventCountry "ENG"]

1. d4 d5 2. Nf3 Nf6 3. c4 c6 4. Nc3 dxc4 5. a4 Bg4 6. Ne5 Bh5 7. f3 Nfd7 8.
Nxc4 e5 9. Ne4 Bb4+ 10. Bd2 Qe7 11. Bxb4 Qxb4+ 12. Qd2 Qxd2+ 13. Kxd2 exd4 14.
Ned6+ Kd8 15. Nxb7+ Kc7 16. Nca5 Kb6 17. g4 Bg6 18. Bg2 f5 19. f4 Nf6 20. Rhc1
Ne4+ 21. Bxe4 fxe4 22. Rc4 e3+ 23. Ke1 d3 24. exd3 Bxd3 25. Rb4+ Kc7 26. Nc5
Ba6 27. Nxa6+ Nxa6 28. Rb7+ Kd6 29. Rd1+ Ke6 30. Nxc6 Rhe8 31. Rdd7 Nc5 32.
Nd4+ Kf6 33. Rf7+ Kg6 34. Rxg7+ 1-0

[Event "2015 British Chess Championships: Championship"]
[Site "University of Warwick, Coventry, Warwickshire"]
[Date "2015.07.28"]
[Round "2"]
[Board "26"]
[White "Jarmany, John"]
[Black "Chevannes, Sabrina L"]
[Result "1-0"]
[WhiteElo "2036"]
[BlackElo "2228"]
[PlyCount "105"]
[EventDate "2015.07.27"]
[EventRounds "11"]
[EventCountry "ENG"]

1. d4 d5 2. c4 e6 3. Nc3 Nf6 4. cxd5 exd5 5. Bg5 Be7 6. e3 c6 7. Bd3 Nbd7 8.
Qc2 O-O 9. Nf3 h6 10. Bf4 Nh5 11. Bg3 Re8 12. a3 Nf8 13. b4 Be6 14. Ne2 Rc8 15.
Nf4 Nxf4 16. Bxf4 Nd7 17. Ne5 Nxe5 18. Bxe5 a5 19. Rb1 axb4 20. axb4 Ra8 21.
O-O f6 22. Bg3 Qb6 23. Rfc1 Rec8 24. Bf5 Bxf5 25. Qxf5 Qd8 26. h3 Kh8 27. Qe6
Ra4 28. b5 c5 29. dxc5 Bxc5 30. Bd6 Rc4 31. Qxd5 Rxc1+ 32. Rxc1 Bxd6 33. Rxc8
Qxc8 34. Qxd6 Qa8 35. b6 Kg8 36. g4 Kf7 37. Kg2 Qa6 38. Kg3 Kg6 39. Qe6 Qd3 40.
h4 Qf1 41. Qe4+ Kf7 42. Qxb7+ Kg8 43. Qd5+ Kh7 44. b7 Qg1+ 45. Qg2 Qb1 46. Kh2
Qb2 47. Qf3 g6 48. Kh3 Qb1 49. h5 Qf1+ 50. Kh2 Qb5 51. Qe4 f5 52. Qe7+ Kh8 53.
hxg6 1-0

[Event "2015 British Chess Championships: Championship"]
[Site "University of Warwick, Coventry, Warwickshire"]
[Date "2015.07.28"]
[Round "2"]
[Board "27"]
[White "Graham, David B"]
[Black "Lentzos, Ioanis"]
[Result "1-0"]
[WhiteElo "2162"]
[BlackElo "2019"]
[PlyCount "53"]
[EventDate "2015.07.27"]
[EventRounds "11"]
[EventCountry "ENG"]

1. e4 c6 2. d3 d5 3. Nd2 e5 4. Ngf3 Bd6 5. g3 Nf6 6. Bg2 O-O 7. O-O Nbd7 8. Re1
Qc7 9. c3 Re8 10. Qc2 b5 11. a4 Bb7 12. exd5 Nxd5 13. Ne4 Bf8 14. Nh4 g6 15.
Bd2 a6 16. Red1 c5 17. axb5 axb5 18. Rxa8 Rxa8 19. c4 Nb4 20. Qb3 bxc4 21. dxc4
f5 22. Bxb4 Bxe4 23. Bxe4 Rb8 24. Bd5+ Kh8 25. Qe3 cxb4 26. Qg5 Bg7 27. Nxg6+
 1-0

[Event "2015 British Chess Championships: Championship"]
[Site "University of Warwick, Coventry, Warwickshire"]
[Date "2015.07.28"]
[Round "2"]
[Board "28"]
[White "Peacock, Malcolm R"]
[Black "Rice, Chris B"]
[Result "1/2-1/2"]
[WhiteElo "2123"]
[BlackElo "2015"]
[PlyCount "131"]
[EventDate "2015.07.27"]
[EventRounds "11"]
[EventCountry "ENG"]

1. c4 Nf6 2. g3 c6 3. Bg2 d5 4. Nf3 e6 5. O-O Nbd7 6. b3 Bd6 7. Bb2 O-O 8. d3
Qe7 9. a3 a5 10. Nc3 Re8 11. Qc2 e5 12. cxd5 Nxd5 13. Ne4 Bc7 14. Nh4 g6 15.
Rfe1 Nf4 16. Bf1 Ne6 17. e3 Ng5 18. Nxg5 Qxg5 19. f4 Qe7 20. Nf3 Qc5 21. Qf2
Qe7 22. Bg2 Nc5 23. Qc2 a4 24. b4 Nb3 25. Rad1 e4 26. Qc3 f6 27. dxe4 Rf8 28.
Nd4 Bg4 29. Rd3 Nxd4 30. exd4 Bb6 31. Kh1 Qe6 32. Qd2 Bh3 33. Bxh3 Qxh3 34. Qg2
Qe6 35. d5 cxd5 36. Rxd5 Rae8 37. e5 Rd8 38. Red1 fxe5 39. Bxe5 Qc8 40. h3 Qc4
41. Rd7 Rxd7 42. Rxd7 Rf7 43. Rxf7 Qxf7 44. Kh2 Qd7 45. Qe2 Qd5 46. Ba1 Kf7 47.
h4 h5 48. Qb2 Qe6 49. Qg7+ Ke8 50. Qxb7 Qa2+ 51. Qg2 Qxa1 52. Qc6+ Kf7 53. Qb7+
Kf8 54. Qxb6 Qxa3 55. Qf6+ Ke8 56. Qxg6+ Kd7 57. Qf5+ Kd8 58. Qd5+ Ke7 59. Qc5+
Kd7 60. Qd5+ Ke7 61. b5 Qb2+ 62. Kh3 a3 63. Qb7+ Ke6 64. Qc6+ Ke7 65. Qc7+ Ke6
66. Qc6+ 1/2-1/2

[Event "2015 British Chess Championships: Championship"]
[Site "University of Warwick, Coventry, Warwickshire"]
[Date "2015.07.28"]
[Round "2"]
[Board "29"]
[White "Slade, Theodore"]
[Black "Pleasants, Allan J"]
[Result "1/2-1/2"]
[WhiteElo "1962"]
[BlackElo "2120"]
[PlyCount "43"]
[EventDate "2015.07.27"]
[EventRounds "11"]
[EventCountry "ENG"]

1. e4 e6 2. d4 d5 3. Nd2 c5 4. exd5 Qxd5 5. dxc5 Bxc5 6. Ngf3 Nc6 7. Bd3 Nf6 8.
O-O O-O 9. Qe2 Bd7 10. Ne4 Nxe4 11. Qxe4 Qxe4 12. Bxe4 f6 13. Re1 Rfd8 14. Be3
Bxe3 15. Rxe3 e5 16. Rb3 b6 17. Kf1 Be8 18. Ke2 Rd6 19. Rd1 Rad8 20. Rbd3 Nd4+
21. Nxd4 exd4 22. Kd2 1/2-1/2

[Event "2015 British Chess Championships: Championship"]
[Site "University of Warwick, Coventry, Warwickshire"]
[Date "2015.07.28"]
[Round "2"]
[Board "30"]
[White "Wager, John D"]
[Black "Okhai, Shabir"]
[Result "0-1"]
[WhiteElo "2117"]
[BlackElo "1994"]
[PlyCount "124"]
[EventDate "2015.07.27"]
[EventRounds "11"]
[EventCountry "ENG"]

1. d4 d5 2. Nf3 Nf6 3. e3 c5 4. c3 Nc6 5. Bd3 Bg4 6. Nbd2 e6 7. Qa4 c4 8. Bb1
Qa5 9. Qxa5 Nxa5 10. Ne5 Bf5 11. Bxf5 exf5 12. b3 b5 13. b4 Nb7 14. a4 Nd6 15.
f3 g6 16. axb5 Nxb5 17. Ra6 Nd7 18. Nxd7 Kxd7 19. Nb1 Bh6 20. Kf2 Rhe8 21. h3
Re6 22. Ra5 a6 23. g4 Rae8 24. Re1 fxg4 25. hxg4 Bf8 26. Re2 Kc7 27. Rea2 Kb7
28. Bd2 f5 29. gxf5 gxf5 30. Na3 Nc7 31. b5 Kb6 32. Nc2 axb5 33. Ra1 Bd6 34.
R5a2 Rg6 35. Rh1 Reg8 36. Ne1 Bg3+ 37. Kf1 h5 38. Rxh5 Bxe1 39. Bxe1 Rg1+ 40.
Ke2 R8g2+ 41. Bf2 Rc1 42. e4 Rxc3 43. Kf1 Rg7 44. Rxf5 b4 45. exd5 Rd7 46. Rf6+
Kb7 47. Be1 Rc1 48. d6 Nd5 49. Rf8 Rxd6 50. Raa8 Re6 51. Rfb8+ Kc7 52. Rc8+ Kb7
53. Rcb8+ Kc7 54. Rc8+ Kb7 55. Rcb8+ Kc6 56. Ra6+ Kc7 57. Rxe6 Kxb8 58. Re5 Nf4
59. Rb5+ Kc7 60. Rxb4 Nd3 61. Ra4 Rxe1+ 62. Kg2 Nb2 0-1

[Event "2015 British Chess Championships: Championship"]
[Site "University of Warwick, Coventry, Warwickshire"]
[Date "2015.07.28"]
[Round "2"]
[Board "31"]
[White "Gower, Sam"]
[Black "Jones, William E G"]
[Result "0-1"]
[WhiteElo "1915"]
[BlackElo "2115"]
[PlyCount "58"]
[EventDate "2015.07.27"]
[EventRounds "11"]
[EventCountry "ENG"]

1. e4 c5 2. Nf3 d6 3. c4 Nf6 4. Nc3 e5 5. d3 g6 6. h3 Bg7 7. Be2 O-O 8. O-O Nc6
9. a3 h6 10. Rb1 Ne8 11. b4 f5 12. Nd5 b6 13. Bd2 Be6 14. Bc3 Nf6 15. Nd2 f4
16. Nf3 Qd7 17. bxc5 bxc5 18. Rb5 Rf7 19. Qa4 Raf8 20. Nh2 g5 21. Rfb1 Qc8 22.
Qd1 Kh7 23. Ng4 Nxg4 24. Bxg4 f3 25. Bh5 Bxh3 26. Bxf7 Bxg2 27. Qxf3 Bxf3 28.
Ne3 Qh3 29. Rb7 Qh1# 0-1

[Event "2015 British Chess Championships: Championship"]
[Site "University of Warwick, Coventry, Warwickshire"]
[Date "2015.07.28"]
[Round "2"]
[Board "32"]
[White "Zhang, Anthony Y"]
[Black "Brozel, Sacha"]
[Result "1-0"]
[WhiteElo "2109"]
[BlackElo "1976"]
[PlyCount "69"]
[EventDate "2015.07.27"]
[EventRounds "11"]
[EventCountry "ENG"]

1. d4 e6 2. Nf3 Nf6 3. c4 b6 4. a3 Ba6 5. Qc2 Bb7 6. Nc3 c5 7. dxc5 bxc5 8. Bf4
Be7 9. h3 O-O 10. e3 Qb6 11. Be2 Nc6 12. O-O d5 13. Nb5 Rac8 14. cxd5 Nxd5 15.
Bg5 Rfd8 16. Rac1 Rd7 17. Bxe7 Ncxe7 18. Ne5 Rdd8 19. Rfd1 Ba6 20. Nc3 Bxe2 21.
Nxe2 Rb8 22. Nc4 Qa6 23. Ng3 f5 24. e4 Nf4 25. Ne5 Qb5 26. Kh2 fxe4 27. Qxe4
Ned5 28. Rc2 Rdc8 29. Rdc1 Rb7 30. Nc4 Qd7 31. Rd1 Qe7 32. Re1 Rbc7 33. Ne3 Rc6
34. Nxd5 Qg5 35. Nxf4 1-0